00424nam a2200181Ia 4500003000400000005001700004008004000021020001500061040000700076041000800083082001600091100002400107245003700131250000600168260004500174300001000219650001300229OSt20240215151451.0210210b2014 xxu||||| |||| 00| 0 eng d a0198077149 cAL aeng a820.33 ANAS aANANTA MURTHY (U R) aSamskara: a rite for a dead man  a2 aNew DelhibOxford University Pressc2014 ax,143 aSamskara